| 000 | 00629nas a22001577a 4500 | ||
|---|---|---|---|
| 008 | 130226t20079999bl ||||| |||| 00| 0 por d | ||
| 022 | _a2238-2909 | ||
| 245 | _aEducaçao Continuada em Saúde Einstein | ||
| 260 |
_aSâo Paulo: _bInstituto Israelita de Ensino e Pesquisa Albert Einstein, _c2007 |
||
| 300 | _av. : | ||
| 310 | _atrimestral | ||
| 546 | _aportugués | ||
| 590 | _a2007 5(2 parte 2); 2008 6(1 parte 2, 2 parte 2, 4 parte 2); 2009 7(1 parte 2, 2 parte 2, 3 parte 2, 4 parte 2); 2010 8(1 parte 2, 4 parte 2); 2011 9(2 parte 2); 2012 10(1-4); 2013 11(1) | ||
| 650 |
_aEDUCACION CONTINUA-SALUD _91908 |
||
| 942 |
_2ddc _cCR |
||
| 999 |
_c1179 _d1179 |
||